Présentateurs des NRJ Music Awards - Statistiques

Statistiques générales
  • Ce quiz a été pris 78 fois
  • Le résultat moyen est 3 sur 6
Statistiques - réponses
Hint Réponse % Correct
2009-2021 et 2023-2024 Nikos Aliagas
100%
2022 Camille Combal
67%
2001-2006 Anthony Kavanagh
45%
2007 Arthur
39%
2008 Benjamin Castaldi
38%
2000 Ophélie Winter
28%
Aucun quiz correspondant
Distribution des résultats
% des personnes avec chaque résultat
Percentile par nombre de réponses
Votre historique - résultats
Vous n’avez pas pris ce quiz